• 首页
  • 本馆介绍
  • 公告通知
  • 最新文献
  • 馆藏检索
  • 电子资源
  • 读者导购
  • 参考咨询
  • 我的图书馆
  • 登录
  • 详细信息显示
  • 放入我的书架
  • 预约/预借图书
  • 作者相关作品
  • 分类相关作品
  • 丛书相关作品
  • 出版社相关作品

书目信息

  • 表格格式
  • 工作单格式
  • 卡片格式
题名:
为你自己读书
    
 
作者: 肖卫 编著
分册:  
出版信息: 北京   中国华侨出版社  2007.12
页数: 241页
开本: 24cm
丛书名:
单 册:
中图分类: G792-49
科图分类:
主题词: 读书方法--du shu fang fa--青年读物 , 读书方法--du shu fang fa
电子资源:
ISBN: 978-7-80222-442-1
000 00824nam0 2200229 450
001 2058836514
005 20260413090612.46
010    @a978-7-80222-442-1@dCNY26.80
100    @a20080102e20182007em y0chiy50 ea
101 0  @achi
102    @aCN@b110000
105    @ay z 000yy
200 1  @a为你自己读书@9wei ni zi ji du shu@f肖卫编著
210    @a北京@c中国华侨出版社@d2007.12@h2018.11
215    @a241页@d24cm
330    @a本书向青少年阐述了一个简单而深刻的道理——你是为自己读书,使青少年读者真正认识到读书的目的、读书的重要性、读书和自己未来人生命运的关系等等,并通过大量的事例加以说明。
606 0  @a读书方法@9du shu fang fa@j青年读物
606 0  @a读书方法@9du shu fang fa
690    @aG792-49@v5
701  0 @a肖卫@9xiao wei@c(作家)@4编著
801  0 @aCN@bBJSZM@c20201125
905    @b1270047-51@dG792-49@e2478@f5
    
    为你自己读书/肖卫编著.-北京:中国华侨出版社,2007.12(2018.11)
    241页;24cm
    
    
    ISBN 978-7-80222-442-1:CNY26.80
    本书向青少年阐述了一个简单而深刻的道理——你是为自己读书,使青少年读者真正认识到读书的目的、读书的重要性、读书和自己未来人生命运的关系等等,并通过大量的事例加以说明。
●
相关链接 在E读中查询图书 在五车中查询图书 在当当中查询图书 在豆瓣中查询图书


正题名:为你自己读书     索取号:G792-49/2478         预约/预借

序号 登录号 条形码 馆藏地/架位号 状态 备注
1 1270047   212700479   第一样本阅览室/ [索取号:G792-49/2478] 在馆    
2 1270048   212700488   教育系资料室/ [索取号:G792-49/2478] 在馆    
3 1270049   212700497   教育系资料室/ [索取号:G792-49/2478] 在馆    
4 1270050   212700503   第四借阅区/ [索取号:G792-49/2478] 在馆    
5 1270051   212700512   第四借阅区/ [索取号:G792-49/2478] 在馆    
6 1442523   214425237   第四借阅区/ [索取号:G792-49/2478] 在馆    
唐山师范学院图书馆 欢迎您!
大连网信软件有限公司© 版权所有